Подробности
| 000 -МАРКЕР |
| контрольное поле |
02101nam2a2200337 4500 |
| 001 - ИДЕНТИФИКАТОР ЗАПИСИ |
| контрольное поле |
RU\NLR\BIBL_A\022279196 |
| 005 - ИДЕНТИФИКАТОР ВЕРСИИ |
| контрольное поле |
20240809181918.0 |
| 010 ## - МЕЖДУНАРОДНЫЙ СТАНДАРТНЫЙ НОМЕР КНИГИ (ISBN) |
| Номер (ISBN) |
978-5-248-01083-7 |
| Тираж |
300 |
| 021 ## - НОМЕР ГОСУДАРСТВЕННОЙ РЕГИСТРАЦИИ |
| Код страны |
российская федерация |
| Номер |
КН-П-24-032058 |
| Номер Листа государственной регистраци |
КН-П-24-3244 |
| 035 ## - ДРУГИЕ СИСТЕМНЫЕ НОМЕРА |
| Идентификатор записи |
(NLR Aleph) 022279196 |
| 100 ## - ДАННЫЕ ОБЩЕЙ ОБРАБОТКИ |
| Данные общей обработки |
20240716d2023 u y0rusy50 ca |
| 101 0# - ЯЗЫК РЕСУРСА |
| Язык текста, звукозаписи и т.д. |
русский |
| 102 ## - СТРАНА ПУБЛИКАЦИИ ИЛИ ПРОИЗВОДСТВА |
| Страна публикации |
российская федерация |
| 105 ## - ПОЛЕ КОДИРОВАННЫХ ДАННЫХ: ТЕКСТОВЫЕ МАТЕРИАЛЫ, МОНОГРАФИЧЕСКИЕ |
| Кодированные данные о монографическом текстовом документе |
y z 001yd |
| 200 1# - ЗАГЛАВИЕ И СВЕДЕНИЯ ОБ ОТВЕТСТВЕННОСТИ |
| Основное заглавие |
Человек выстоит. Фантастический реализм Фолкнера |
| Параллельное заглавие |
Man will endure. Faulkner's fantastic realism |
| Язык параллельного заглавия |
английский |
| 210 ## - ПУБЛИКАЦИЯ, РАСПРОСТРАНЕНИЕ И ДР. |
| Дата издания, распространения и т.д. |
2023 |
| 215 ## - ФИЗИЧЕСКАЯ ХАРАКТЕРИСТИКА |
| Специфическое обозначение материала и объем |
284 с. |
| 320 ## - ПРИМЕЧАНИЯ О НАЛИЧИИ В ДОКУМЕНТЕ БИБЛИОГРАФИИ / УКАЗАТЕЛЯ |
| Текст примечания |
Библиогр. в подстроч. примеч. |
| 320 ## - ПРИМЕЧАНИЯ О НАЛИЧИИ В ДОКУМЕНТЕ БИБЛИОГРАФИИ / УКАЗАТЕЛЯ |
| Текст примечания |
Указ. основных произведений Фолкнера (романы, повести, сборники): с. 283 |
| 461 #0 - УРОВЕНЬ НАБОРА |
| Встроенное поле |
001RU\NLR\BIBL_A\022279192 |
| -- |
2001#$aСобрание сочинений$dCollected works$eв 4 т.$fА. Н. Николюкин$gответственный редактор: кандидат филологических наук А. В. Маньковский$gИнститут научной информации по общественным наукам Российской академии наук$zeng$vТ. 3, кн. 1 |
| -- |
700#1$aНиколюкин$bА. Н.$f1928-$gАлександр Николаевич$3RU\NLR\AUTH\770165365 |
| Системный номер (АБИС) связанной записи |
12385683 |
| Автор |
Николюкин, А. Н. (1928-) |
| Место публикации |
Москва |
| Дата публикации |
2023- |
| Издание |
Изд. 2-е |
| Первые сведения об ответственности |
А. Н. Николюкин |
| Параллельное заглавие |
Collected works |
| Имя издателя, распространителя и т.д. |
РАН ИНИОН |
| Сведения, относящиеся к заглавию |
в 4 т. |
| Заглавие |
Собрание сочинений |
| Номер тома |
Т. 3, кн. 1 |
| 510 1# - ПАРАЛЛЕЛЬНОЕ ЗАГЛАВИЕ |
| Параллельное заглавие |
Man will endure. Faulkner's fantastic realism |
| Язык заглавия |
английский |
| 517 1# - ДРУГИЕ ВАРИАНТЫ ЗАГЛАВИЯ |
| Вариант заглавия |
Фантастический реализм Фолкнера |
| 600 #1 - ИМЯ ЛИЦА КАК ПРЕДМЕТ |
| Начальный элемент ввода |
Фолкнер |
| Часть имени, кроме начального элемента ввода |
У. |
| Даты |
1897 - 1962 |
| Расширение инициалов личного имени |
Уильям |
| Системный номер авторитетной/нормативной записи |
1076340 |
| Идентификатор авторитетной/нормативной записи |
RU\NLR\AUTH\66101313 |
| 686 1# - ИНДЕКСЫ ДРУГИХ КЛАССИФИКАЦИЙ |
| Индекс |
Ш5(7США)6-4Фолкнер |
| 702 #1 - ИМЯ ЛИЦА - ВТОРИЧНАЯ ОТВЕТСТВЕННОСТЬ |
| Код отношения |
Объект посвящения |
| Графика поля |
Кириллица |
| Материалы, к которым относится поле |
rus |
| Начальный элемент ввода |
Фолкнер |
| Часть имени, кроме начального элемента ввода |
У. |
| Даты |
1897-1962 |
| Расширение инициалов личного имени |
Уильям |
| Системный номер авторитетной/нормативной записи |
6934 |
| Идентификатор авторитетной/нормативной записи |
RU\NLR\AUTH\7723881 |
| 942 ## - ДОПОЛНИТЕЛЬНЫЕ ЭЛЕМЕНТЫ ЗАПИСИ (АБИС) |
| Тип экземпляра АБИС |
Книга |
| 980 ## - КОЛЛЕКЦИЯ |
| Название коллекции |
Национальная библиография |